000
00331nam a2200145Ia 4500
100
_a
Rogers/ Adams
942
_c
BK
654
_a
Mathematical elements
245
_a
Mathematical Elements for Comp graphics
260
_b
Mc Graw Hill
_a
New York
_c
1990
082
_a
6.6
_b
PAN
300
_a
630
546
_a
ENGLISH
999
_c
31680
_d
31680